La Independencia política y económica en la lucha antiimperialista de Sandino /

সংরক্ষণ করুন:
গ্রন্থ-পঞ্জীর বিবরন
প্রধান লেখক: Arauz L, Alejandro
বিন্যাস: পাঠ‍্য
ট্যাগগুলো: ট্যাগ যুক্ত করুন
কোনো ট্যাগ নেই, প্রথমজন হিসাবে ট্যাগ করুন!

MARC

LEADER 00000 a a2200000 04500
001 2639
003
040
100 |a Arauz L, Alejandro  
245 |a La Independencia política y económica en la lucha antiimperialista de Sandino /  |c Alejandro Arauz L 
773 |g número 154; páginas 21-39  
999 |c 34051  |d 34051